[Event "IECG CN.2002.0.00277 email"]
[Site "IECG email"]
[Date "2002.01.16"]
[Round "?"]
[White "Novo Betancourt, Yualain"]
[Black "Boettcher, Manfred"]
[Result "0-1"]
[WhiteElo "800"]
[BlackElo "800"]
[PlyCount "37"]
[EventDate "2002.01.16"]
[EventType "tourn (corr)"]
[EventRounds "6"]
[SourceTitle "Corr 2008"]
[Source "ChessBase"]
[SourceDate "2008.06.24"]
[SourceVersion "1"]
[SourceVersionDate "2008.06.24"]
[SourceQuality "1"]

1. d4 Nf6 2. Nf3 e6 3. c4 b6 4. g3 Ba6 5. e3 Bb4+ 6. Bd2 Be7 7. a3 0-0 8. Qc2 Bb7 9. Bg2 d5 10. b3 Nbd7 11. 0-0 Rc8 12. Bc3 c5 13. Nbd2 cxd4 14. exd4 Rc7 15. Qb2 Qa8 16. Rfd1 Rfc8 17. Rac1 dxc4 18. bxc4 h6 19. Nh4 0-1